00871nam a2200253Ia 4500003000400000005001700004008004100021040001800062041000800080082001800088100002900106245006500135250001200200260004300212300002600255650004400281650005000325650002500375650002000400650002200420942002500442999001900467952013100486OSt20241018091528.0210716s2002 xx 000 0 und d cAIMIT LIBRARY aeng a005.73 bNANS aNandagopalan, S.9182540 aFundamentals of data structures with c /cBy S,Nandagopalan. a1st ed. aBangalore :bSapna Book House ,c2002. a402 p.;bPBc25.2 cm. aIntroduction to data structures9182541 aDecision making branching and looping9182542 alinked lists9182543 aSorting9182544 aSearching9182545 2ddccBKk005.73 NANS c185795d185795 001040708MCAaAIMITbAIMITePremier Bookshopg195.00l0o005.73 NANSpMCA05303r2026-05-23 00:00:00v156.00w2021-07-16yBK